[Event "11th Tal Memorial Blitz 2018"]
[Site "Moscow"]
[Date "2018.03.05"]
[Round "3"]
[White "Nepomniachtchi, Ian"]
[Black "Kramnik, Vladimir"]
[Result "1/2-1/2"]
[WhiteElo "2768"]
[BlackElo "2784"]
[Annotator "TA"]
[PlyCount "105"]
[EventDate "2018.??.??"]
[EventType "blitz"]
[EventCountry "RUS"]
[SourceTitle "playchess.com"]
[Source "ChessBase"]
[SourceQuality "1"]

{[%evp 17,105,8,23,18,30,21,31,0,0,0,0,0,0,0,0,-62,-47,-47,-51,-50,-50,-81,-80,-167,-75,-76,-75,-104,-105,-102,-52,-87,-82,-218,-217,-225,-225,-376,-370,-324,-315,-279,-230,-475,-471,-462,-181,-166,-168,-132,-50,-50,-48,-47,-47,-46,0,-42,0,0,0,-262,0,0,0,0,0,0,0,0,1701,1800,1709,1668,389,1649,1640,1464,1251,1385,2141,1330,1272,1264,1013,0,943,0,907,0]} 1. e4 e5 2. Nf3 Nc6 3. Bc4 Bc5 4. c3 Nf6 5. d3 O-O 6. O-O d6 7. a4 a6 8. h3 h6 9. Nbd2 Be6 10. b4 {C54: Giuoco Piano: 4 c3 Nf6, main lines with 5 d4 and 5 d3} Ba7 11. Bxe6 fxe6 12. b5 {White is slightly better.} (12. Nc4 Qe8 13. Be3 Bxe3 14. Nxe3 Nh5 15. g3 Rd8 16. Qe2 Nf6 17. Kg2 Ne7 {½-½ (34) Hou,Y (2651)-Jakovenko,D (2709) Sharjah 2017}) 12... axb5 13. axb5 Bxf2+ 14. Rxf2 Rxa1 15. bxc6 bxc6 16. Nf1 $146 (16. d4 $11) ({Predecessor:} 16. d4 exd4 17. cxd4 {1-0 (30) Lewis,M-Cirovic,Z IECG email 2005}) 16... c5 17. c4 Nd7 {[%cal Bf6d7,Bd7b8,Bb8c6,Bc6b4][%mdl 32]} 18. Kh2 Nb8 19. Qc2 Nc6 20. Bb2 (20. Qc3 $17 {was called for.} Qa8 21. Bb2) 20... Ra2 (20... Nb4 $1 $19 {[%cal Rb4c2]} 21. Qc3 Rb1) 21. Qb1 $17 Qa8 22. Ng3 Nb4 $1 23. Rd2 Qa4 24. Nh5 Rf7 25. Re2 (25. Bc3 $17) 25... Qb3 $1 $19 26. Ne1 Rf1 27. Nxg7 $2 (27. Rd2) 27... Kxg7 28. Bxe5+ dxe5 29. Qxb3 Rxe2 30. Qc3 $2 (30. d4 Rexe1 31. Qg3+ Kh7 32. Qh4) 30... Nc6 (30... Rexe1 31. Qxe5+ Kg8 32. Qxe6+ Kh7 33. Qe7+ Kg6 34. Qxc7 $11) 31. Qa3 Rexe1 $2 (31... Nb4 $2 32. Qa7 $19) (31... Nd8 32. Qxc5 Nf7) 32. Qxc5 {[#]} Nd8 $1 {[%cal Rd8f7]} (32... Rh1+ 33. Kg3 $17) 33. Qxe5+ {[#]} Kh7 (33... Kf8 $1 $17 34. Qh8+ Ke7 35. Qxh6 Kd7) 34. Qxc7+ $15 Nf7 35. c5 h5 36. Qe7 Rc1 {aiming for ...e5.} 37. d4 (37. e5 $5) 37... e5 38. d5 Kg6 {White must now prevent ...Rc2.} 39. d6 $2 {[%mdl 8192]} (39. c6 $11 {and White stays safe.}) 39... Ng5 $2 (39... Rh1+ $19 40. Kg3 Rxc5) 40. Qe8+ (40. Qxe5 $2 h4 $19) 40... Kh6 41. Qh8+ (41. Qxe5 h4 42. Qh8+ Nh7 43. Qg7+ Kxg7 44. g4 Rf2#) 41... Kg6 {...h4 is the strong threat.} 42. Qg8+ ({Avoid the trap} 42. Qxe5 $2 h4 $19) 42... Kh6 $1 {( -> ...h4)} 43. d7 Nf3+ $2 {[%mdl 8192]} (43... Nxe4 $11 44. Qe6+ (44. Qh8+ Kg6 $11) 44... Kh7 45. Qe7+ Kh6 46. Qe6+ Kh7 47. Qe7+ Kh6 48. Qe6+) 44. Kg3 $18 {Intending Qe6+ and mate.} (44. gxf3 Rh1+ 45. Kg3 Rhg1+ 46. Kf2 Rxg8 47. Ke2 Rxc5 48. Ke3 Rc3+ 49. Kd2 Ra3 50. d8=Q Rxd8+ 51. Kc2 Rg8 52. Kc1 Rg2 53. Kb1 Rxf3 54. h4 Rf1#) 44... h4+ 45. Kg4 {White threatens Qe6+ and mate.} Nh2+ 46. Kxh4 {Threatening mate with Qg5+.} Rf4+ 47. g4 {Qe6+ would kill now.} Nf3+ 48. Kg3 Rg1+ 49. Kf2 Rd1 50. Qh8+ Kg6 51. Qg8+ Kh6 52. Qh8+ Kg6 53. Qg8+ $2 {Precision: White = 41%, Black = 50%.} ({White must play} 53. Qe8+ $18 Kh6 54. Ke3 Re1+ 55. Kd3) 1/2-1/2

[Event "11th Tal Memorial Blitz 2018"]
[Site "Moscow"]
[Date "2018.03.05"]
[Round "3"]
[White "Dubov, Daniil"]
[Black "Gelfand, Boris"]
[Result "1/2-1/2"]
[WhiteElo "2767"]
[BlackElo "2745"]
[Annotator "TA"]
[PlyCount "59"]
[EventDate "2018.??.??"]
[EventType "blitz"]
[EventCountry "RUS"]
[SourceTitle "playchess.com"]
[Source "ChessBase"]
[SourceQuality "1"]

{[%evp 9,59,9,2,6,4,0,0,0,0,-6,-5,-8,0,-22,-12,-12,21,20,14,13,14,12,12,10,12,11,13,14,27,29,29,27,26,21,19,22,12,12,21,0,0,0,0,0,0,0,0,0,4,0,0,-41]} 1. d4 Nf6 2. c4 e6 3. Nf3 d5 4. Bg5 Be7 5. Qc2 (5. Nc3 h6 6. Bxf6 Bxf6 7. Qb3 dxc4 8. Qxc4 O-O 9. e3 b6 10. Be2 Bb7 11. O-O Nd7 12. Rfd1 a6 13. a4 Rc8 14. b4 c5 15. dxc5 bxc5 {1-0 (59) Bu,X (2730)-Cheparinov,I (2710) Riadh 2017}) 5... h6 6. Bxf6 {D30: Queen's Gambit Declined: Systems without Nc3} Bxf6 7. Nc3 dxc4 8. e3 c5 9. Rd1 O-O 10. Bxc4 cxd4 11. exd4 Nc6 {[%cal Rc6d4]} 12. O-O Nxd4 13. Nxd4 Bxd4 14. Nb5 e5 15. Nxd4 exd4 {[#]} 16. Qe4 $146 Qf6 17. Qxd4 Qxd4 18. Rxd4 Bf5 19. g4 Be6 20. Bxe6 fxe6 $11 {[%mdl 4096] Endgame KRR-KRR} 21. Rd7 Rf7 {The position is equal.} 22. Rxf7 Kxf7 {KR-KR} 23. Rc1 Re8 24. f4 Re7 25. Kf2 Rd7 26. Ke3 Kf6 27. h4 e5 28. fxe5+ Kxe5 29. Rf1 Ke6 30. Ke4 {Precision: White = 66%, Black = 89%.} 1/2-1/2

[Event "11th Tal Memorial Blitz 2018"]
[Site "Moscow"]
[Date "2018.03.05"]
[Round "3"]
[White "Fedoseev, Vladimir"]
[Black "Grischuk, Alexander"]
[Result "0-1"]
[WhiteElo "2724"]
[BlackElo "2846"]
[Annotator "TA"]
[PlyCount "113"]
[EventDate "2018.??.??"]
[EventType "blitz"]
[EventCountry "RUS"]
[SourceTitle "playchess.com"]
[Source "ChessBase"]
[SourceQuality "1"]

{[%evp 18,113,8,-2,31,23,17,18,16,25,22,0,41,37,31,39,43,22,10,12,0,0,99,111,131,129,124,-13,-24,-22,-26,-149,-168,-223,-223,-223,-225,-209,-161,-176,-64,-260,-263,-253,-252,-303,-307,-287,-250,-243,-220,-238,-206,-251,-214,-212,-189,-245,-200,-255,-255,-270,-204,-234,-212,-212,-187,-237,-213,-202,-181,-267,-255,-395,-401,-374,-329,-309,-323,-345,-358,-335,-314,-331,-322,-318,-314,-300,-300,-618,-608,-654,-646,-627,-617,-580,-575,-570]} 1. e4 c5 2. Nf3 d6 3. d4 cxd4 4. Nxd4 Nf6 5. Nc3 a6 6. h3 e6 7. g4 Nfd7 {B81: Sicilian Scheveningen: Keres Attack} 8. Bg2 Be7 9. Nce2 Nc6 10. c3 {LiveBook: 9 Games} Nce5 $146 ({Predecessor:} 10... h5 11. gxh5 Rxh5 12. Nxc6 bxc6 13. Nd4 Rc5 14. b4 Rxc3 15. Bb2 Rc4 16. Nxe6 {1-0 (33) Ponomariov,R (2717)-Vallejo Pons,F (2712) Bilbao 2014}) 11. O-O Ng6 12. f4 Nh4 13. Bh1 O-O 14. f5 e5 15. Nc2 $1 b5 16. Be3 Bb7 17. Ng3 Rc8 18. Qd2 Nb6 $36 {[%mdl 2048] White should prevent ...Nc4. Black is more active.} 19. b3 Qc7 (19... Nd7 $11 {remains equal.}) 20. f6 $16 Bxf6 21. Rxf6 gxf6 {[#]} 22. Qf2 (22. Bf2 $1 $16 {Intending Nh5 and mate.} Ng6 23. Qh6) 22... Nd7 $11 (22... Qxc3 $6 23. Nh5 $16) 23. Nh5 Ng6 {Hoping for ...Rfe8.} (23... Qxc3 24. Qxh4 Rfe8 25. Nxf6+ Nxf6 26. Qg5+ Kf8 27. Qxf6 $18) 24. Bh6 (24. Rf1 $11) 24... Nf4 $1 $17 {[%cal Rf4h3]} ({Don't go for} 24... Qxc3 $2 25. Nxf6+ Kh8 26. Nxd7 $18) 25. Bxf4 (25. Nxf4 $142 exf4 26. Bxf8 Nxf8 27. Nd4) 25... exf4 $19 26. Qxf4 Qxc3 27. Rf1 Qc5+ ({Much less strong is} 27... Qxc2 28. Nxf6+ Kh8 29. Nxd7 $15) 28. Ne3 {[#]} Qg5 (28... Kh8 $1 $19 {Strongly threatening ...f5!} 29. Nxf6 Nxf6 30. Qxf6+ Kg8) 29. Qf2 $2 ({Only move:} 29. Qxg5+ $15 fxg5 30. Nf5) 29... Rc3 30. Nf5 Rxh3 31. Bg2 Rc3 32. Qd4 Rc1 33. Qxd6 Rxf1+ 34. Kxf1 Qc1+ 35. Kf2 Qc5+ 36. Qxc5 Nxc5 37. Nxf6+ Kh8 38. Ke3 Rd8 39. Bf1 Bc8 40. Nd4 h6 41. Be2 Kg7 42. e5 Be6 43. Nh5+ Kf8 44. Nf4 (44. Nf6 {is a better defense.}) 44... Re8 45. Nc2 (45. b4 {was the only chance.} Bxa2 46. bxc5 Rxe5+ 47. Kf3) 45... Bc8 46. Kd4 Ne6+ 47. Nxe6+ Bxe6 {[%mdl 4096] Endgame KRB-KBN} ({Don't take} 47... fxe6 48. Bf3 $19) 48. Nb4 Rd8+ 49. Ke3 a5 50. Nc6 Rd5 51. Bf3 Rc5 {White must now prevent ...Rc3+.} 52. Nxa5 Rxe5+ 53. Kd4 $2 (53. Kf4 Re1 54. Nc6) 53... Rg5 {Black is clearly winning.} 54. Nc6 Bxg4 55. Bh1 Bd7 56. Ne5 Be8 57. Nd3 {Precision: White = 54%, Black = 67%.} 0-1

[Event "11th Tal Memorial Blitz 2018"]
[Site "Moscow"]
[Date "2018.03.05"]
[Round "3"]
[White "Mamedyarov, Shakhriyar"]
[Black "Andreikin, Dmitry"]
[Result "0-1"]
[WhiteElo "2714"]
[BlackElo "2712"]
[Annotator "TA"]
[PlyCount "40"]
[EventDate "2018.??.??"]
[EventType "blitz"]
[EventCountry "RUS"]
[SourceTitle "playchess.com"]
[Source "ChessBase"]
[SourceQuality "1"]

{[%evp 10,40,13,10,25,18,65,0,6,7,0,0,4,0,0,0,0,-19,-31,-33,14,-15,-15,-74,-103,-63,-23,-132,-137,-108,-138,-965,-963]} 1. d4 d5 2. c4 c6 3. cxd5 cxd5 4. Bg5 h6 5. Bh4 Qb6 6. Nc3 {LiveBook: 30 Games. D10: Slav Defence: 3 cxd5 (without early Nf3) and 3 Nc3} e5 $146 ({Predecessor:} 6... e6 7. Qd2 Nc6 8. e3 Be7 9. Nf3 Bxh4 10. Nxh4 Nf6 11. Bd3 Qd8 {½-½ (58) Yu,Y (2753)-Wang,H (2698) Danzhou 2017}) 7. Nf3 {White wants to play e4.} (7. dxe5 Qxb2 8. Qc1 Ba3 $17) 7... Nc6 {[%cal Re5d4]} 8. e3 ({Stronger than} 8. Nxe5 Nxe5 9. dxe5 Qxb2 $17) (8. Nxd5 $14 Bb4+ 9. Nxb4 Qxb4+ 10. Qd2 Qxd2+ 11. Nxd2) 8... exd4 $11 9. Nxd4 {With the idea Bb5.} Qxb2 10. Nxd5 Bb4+ $1 11. Nxb4 Qc3+ 12. Ke2 Qxb4 13. Rb1 Nxd4+ 14. exd4 Qa5 {...Qh5+ is the strong threat.} 15. Ke3 g5 $36 {[%mdl 2048] Black is more active.} 16. Bb5+ Kf8 17. Bg3 Nf6 18. Bd6+ {[#]} (18. Qd2 $1 $11 {keeps the balance.} Qd8 19. f3 (19. Qb4+ Kg7 $15)) 18... Kg8 $1 $17 {Hoping for ...Bf5.} 19. f3 {[#]} Bf5 $1 ({But not} 19... Qxa2 $6 20. Qe2 $11) 20. Rb2 $2 {[%mdl 8192]} (20. Qb3 $17) 20... Qc3+ {Precision: White = 35%, Black = 62%.} 0-1

[Event "11th Tal Memorial Blitz 2018"]
[Site "Moscow"]
[Date "2018.03.05"]
[Round "4"]
[White "Grischuk, Alexander"]
[Black "Mamedyarov, Shakhriyar"]
[Result "1/2-1/2"]
[WhiteElo "2846"]
[BlackElo "2714"]
[Annotator "TA"]
[PlyCount "90"]
[EventDate "2018.??.??"]
[EventType "blitz"]
[EventCountry "RUS"]
[SourceTitle "playchess.com"]
[Source "ChessBase"]
[SourceQuality "1"]

{[%evp 15,90,35,39,35,39,39,41,39,57,52,56,61,68,70,70,70,70,74,82,63,63,64,67,74,74,68,67,67,122,86,82,83,89,89,166,156,141,126,146,155,199,158,210,210,191,190,202,204,201,129,208,167,296,296,250,97,114,5,8,30,60,0,0,0,0,0,0,0,0,0,0,0,0,0,0,0,0]} 1. d4 Nf6 2. Nf3 g6 3. Nbd2 Bg7 4. e4 O-O 5. Bd3 d6 6. O-O c5 7. c3 Qc7 {B07: Pirc Defence: Miscellaneous Systems} (7... cxd4 8. cxd4 Nc6 9. h3 Nh5 10. Nb3 e5 11. Bg5 Qb6 12. d5 Nb4 13. Be3 Qd8 14. Bc4 a5 15. Nbd2 Bd7 16. a3 {½-½ (89) Fedoseev,V (2674)-Kokarev,D (2638) Sochi 2015}) 8. h3 Nc6 {LiveBook: 3 Games} 9. d5 Ne5 {White is slightly better.} 10. Nxe5 dxe5 11. Re1 $146 ({Find the theoretical novelty and annotate with similar games:} 11. a4 Nh5 12. Nc4 Bd7 13. Bg5 Be8 14. Qd2 Nf4 15. Bc2 b5 {½-½ (33) Jahnz,F (2270)-Von Herman,U (2377) Berlin 2014}) 11... Ne8 12. a4 Nd6 13. Nc4 e6 14. Nxd6 Qxd6 15. Bc4 {Black must now prevent dxe6.} exd5 16. Bxd5 Rd8 17. Bg5 Bf6 18. Be3 Rb8 19. a5 Be6 {[%cal Re6d5]} 20. c4 Bxd5 21. cxd5 b5 ({Better is} 21... Rbc8 $14) 22. axb6 axb6 23. Ra6 Be7 24. Qb3 Qd7 (24... Rb7 $16) 25. Rxb6 $18 Qa7 26. Rxb8 Rxb8 27. Qc3 {Strongly threatening b4.} Qc7 28. Rc1 Bd6 (28... Rb5 $16 29. Ra1 Qb8) 29. Bxc5 Qxc5 30. Qxc5 Bxc5 31. Rxc5 Rxb2 {[%mdl 4096] Endgame KR-KR} 32. Rc8+ $1 Kg7 {[#]} 33. Re8 $1 f6 (33... Kf6 {was necessary.} 34. f3 Rd2) 34. Re7+ Kh6 {[#]} 35. d6 $2 (35. h4 $1 $18 {has better winning chances.}) 35... Rd2 36. d7 (36. Re6 $16) 36... g5 $1 $11 37. Kf1 Kg6 38. Ke1 (38. g3 $14) 38... Rd4 {The position is equal.} 39. f3 h5 40. g3 g4 $1 {[%cal Rg4h3]} 41. hxg4 hxg4 42. Ke2 gxf3+ 43. Kxf3 Rd3+ 44. Ke2 Rd4 45. Ke3 Rd1 {Precision: White = 63%, Black = 49%.} 1/2-1/2

[Event "11th Tal Memorial Blitz 2018"]
[Site "Moscow"]
[Date "2018.03.05"]
[Round "4"]
[White "Nakamura, Hikaru"]
[Black "Gelfand, Boris"]
[Result "1-0"]
[WhiteElo "2842"]
[BlackElo "2745"]
[Annotator "TA"]
[PlyCount "40"]
[EventDate "2018.??.??"]
[EventType "blitz"]
[EventCountry "RUS"]
[SourceTitle "playchess.com"]
[Source "ChessBase"]
[SourceQuality "1"]

{[%evp 13,40,16,15,-3,0,-7,-6,0,-8,-11,0,-16,-18,-29,0,-11,29,-10,-14,-10,0,0,121,113,377,387,513,494,1375]} 1. b3 e5 2. Bb2 Nc6 3. e3 g6 4. d4 exd4 5. Nf3 Bg7 6. Nxd4 {A01: Nimzowitsch-Larsen Opening} Nxd4 (6... Nf6 7. Nc3 O-O 8. Be2 Ne7 9. g4 d5 10. g5 Ne4 11. Nxe4 dxe4 12. Qc1 c5 {½-½ (33) Bok,B (2591)-Adhiban,B (2674) Berlin 2015}) 7. Bxd4 Nf6 {LiveBook: 5 Games} 8. Be2 {The position is equal.} O-O 9. O-O d5 10. c4 dxc4 $146 ({Find the theoretical novelty and annotate with similar games:} 10... Be6 11. Nd2 Qe7 12. Qc1 c5 {½-½ (73) Afifi,A (2326)-Velicka,P (2451) Cairo 2001}) 11. Bxc4 Qe7 12. Qc1 Rd8 13. Nd2 Bf5 14. Re1 Ng4 15. h3 Ne5 16. Bf1 Qd6 17. Rd1 Nd3 (17... Qe7 $11 {keeps the balance.}) 18. Bxd3 $1 $16 Bxd4 $4 {[%mdl 8192] [#]} (18... Bxd3 $16 19. Bxg7 Kxg7) 19. Nc4 $18 Bxe3 20. Qxe3 Bxd3 {Precision: White = 42%, Black = 28%.} (20... Qd5 $142 21. Bxf5 Qxf5 22. Rxd8+ Rxd8 23. Qxa7 Qe4) 1-0

[Event "11th Tal Memorial Blitz 2018"]
[Site "Moscow"]
[Date "2018.03.05"]
[Round "4"]
[White "Anand, Viswanathan"]
[Black "Svidler, Peter"]
[Result "1/2-1/2"]
[WhiteElo "2801"]
[BlackElo "2793"]
[Annotator "TA"]
[PlyCount "59"]
[EventDate "2018.??.??"]
[EventType "blitz"]
[EventCountry "RUS"]
[SourceTitle "playchess.com"]
[Source "ChessBase"]
[SourceQuality "1"]

{[%evp 20,59,57,26,41,32,36,12,8,0,0,0,0,0,0,0,0,0,12,0,0,0,0,-43,0,-26,-31,-29,-29,-37,-29,-33,-25,-37,-23,-36,-16,-16,-16,-18,-7,-7]} 1. e4 e5 2. Nf3 Nc6 3. Bb5 a6 4. Ba4 Nf6 5. O-O Be7 6. d3 d6 7. c3 O-O 8. Re1 b5 9. Bc2 d5 10. Nbd2 {C84: Closed Ruy Lopez: Unusual White 6th moves} d4 11. Nb3 {LiveBook: 5 Games} dxc3 12. bxc3 {White is slightly better.} a5 13. a4 b4 $1 {[#]} 14. Bd2 $146 ({Predecessor:} 14. Bb2 Bg4 15. d4 bxc3 16. Bxc3 Bb4 17. Bxb4 Nxb4 18. dxe5 {0-1 (27) Volokitin,A (2628)-Svidler,P (2765) Riadh 2017}) 14... Bg4 15. h3 Bxf3 16. Qxf3 bxc3 17. Bxc3 Bb4 18. Bxb4 Nxb4 19. Rec1 Qd6 20. Bb1 Rfd8 21. Qe3 Nd7 {[%cal Bf6d7,Bd7f8,Bf8e6,Be6d4][%mdl 32]} ({Not} 21... Nxd3 $2 22. Rd1 $18) 22. Nd2 Nf8 23. Nc4 Qe7 24. Ra3 Ne6 25. Rac3 Nd4 26. Nd2 c6 27. Nf3 Nxf3+ 28. Qxf3 {The position is equal.} Rd4 29. Qe2 g6 30. Ba2 {Precision: White = 30%, Black = 66%.} 1/2-1/2

[Event "11th Tal Memorial Blitz 2018"]
[Site "Moscow"]
[Date "2018.03.05"]
[Round "4"]
[White "Kramnik, Vladimir"]
[Black "Fedoseev, Vladimir"]
[Result "1-0"]
[WhiteElo "2784"]
[BlackElo "2724"]
[Annotator "TA"]
[PlyCount "43"]
[EventDate "2018.??.??"]
[EventType "blitz"]
[EventCountry "RUS"]
[SourceTitle "playchess.com"]
[Source "ChessBase"]
[SourceQuality "1"]

{[%evp 17,43,6,60,50,81,87,110,98,218,235,222,220,291,300,309,305,304,305,323,316,299,319,302,304,294,296,298,291]} 1. Nf3 d5 2. g3 Nf6 3. Bg2 e6 4. O-O Be7 5. c4 O-O 6. b3 c5 7. cxd5 Nxd5 8. Bb2 Nc6 9. Nc3 Nc7 {LiveBook: 13 Games} (9... Nxc3 $11 10. Bxc3 (10. dxc3 Qc7 $11) 10... Qc7) 10. Na4 $14 {A34: Symmetrical English: 2 Nc3, lines with ...d5} (10. Rc1 b6 11. d4 cxd4 12. Na4 Bb7 13. Nxd4 Nxd4 14. Bxb7 Rb8 15. Be4 Bf6 16. Bxd4 Bxd4 17. Qc2 Nd5 18. Bxh7+ {½-½ (64) Bacrot,E (2697)-Ganguly,S (2652) Berlin 2015}) 10... b5 {[#]} 11. Nxc5 $1 {[%mdl 512]} Bxc5 12. Rc1 {White is better.} Qd6 $146 (12... Qe7 $16) ({Find the theoretical novelty and annotate with similar games:} 12... Bxf2+ 13. Rxf2 Ne7 14. Qc2 Ncd5 15. e4 Nb6 16. Qc7 Ng6 17. h4 Qxc7 18. Rxc7 {1-0 (25) Solak,D (2501)-Brkic,A (2312) Nova Gorica 2002}) 13. Qc2 $18 {[%mdl 1024] White has strong compensation.} Na6 {[#]} 14. d4 $1 $40 {[%mdl 640] White goes for the king.} Ba3 {Threatens to win with ...Bxb2.} (14... Bxd4 15. Nxd4) 15. Ng5 {[%csl Gg5][%cal Rc2h7,Bf3g5,Bg5e4,Be4d6][%mdl 32] White has a decisive advantage.} g6 {White should prevent ...Bxb2.} 16. Ne4 ({Resist} 16. Bxc6 $6 Bxb2 17. Qxb2 (17. Bxa8 Bxc1 18. Rxc1 Qxd4 $16) 17... Rb8 $18) (16. Qxc6 $6 Rb8 $18) 16... Qe7 17. Bxa3 Qxa3 18. Qxc6 Rb8 19. Qd6 Qxd6 20. Nxd6 Nb4 {Now ...Rd8 and Black clings on.} 21. a3 Nd5 22. e4 {Precision: White = 92%, Black = 44%.} 1-0

[Event "11th Tal Memorial Blitz 2018"]
[Site "Moscow"]
[Date "2018.03.05"]
[Round "4"]
[White "Andreikin, Dmitry"]
[Black "Dubov, Daniil"]
[Result "1/2-1/2"]
[WhiteElo "2712"]
[BlackElo "2767"]
[Annotator "TA"]
[PlyCount "72"]
[EventDate "2018.??.??"]
[EventType "blitz"]
[EventCountry "RUS"]
[SourceTitle "playchess.com"]
[Source "ChessBase"]
[SourceQuality "1"]

{[%evp 9,72,21,49,58,29,33,110,77,96,5,9,19,95,88,92,85,109,100,112,112,105,36,28,0,31,-14,0,-24,-33,-60,0,0,0,-89,-21,-19,0,0,0,0,0,0,0,-143,0,0,78,73,53,54,62,79,67,0,0,0,0,0,0,0,0,0,0,0,0]} 1. Nf3 c5 2. b3 b6 (2... d6 3. e3 e5 4. Bb5+ Nc6 5. O-O a6 6. Bxc6+ bxc6 7. c4 Nf6 8. Nc3 Be7 9. d3 O-O 10. Bb2 h6 11. Nd2 {1-0 (54) Carlsen,M (2837)-Nepomniachtchi,I (2729) Riadh 2017}) 3. g3 g6 4. Bb2 Nf6 5. e4 $146 ({Predecessor:} 5. Bg2 Bb7 6. O-O Bg7 7. c4 O-O 8. Nc3 d6 9. d4 cxd4 10. Nxd4 Bxg2 11. Kxg2 Qc7 12. e3 Nbd7 13. Rc1 Rac8 14. Qe2 a6 15. Rfd1 Rfe8 16. Kg1 Qb7 17. Qf3 Qxf3 18. Nxf3 Ne4 19. Nd4 Nxc3 20. Bxc3 {½-½ (48) Martinez Duany,L (2495)-Gopal,G (2580) Benasque 2017}) 5... d6 6. e5 {A04: Unusual lines after 1 Nf3 and King's Indian Attack} dxe5 7. Nxe5 {aiming for Bg2.} Nbd7 (7... Bb7 $14) 8. Qf3 {White is better.} Rb8 {White must now prevent ...Bb7.} 9. Nc6 (9. Bc4 $16 {[%csl Ge5][%cal Rc4f7]} Nxe5 10. Bxe5) 9... Bb7 $11 10. Bxf6 Bxc6 (10... Nxf6 $11 11. Bb5 Nd7) 11. Qxc6 $16 exf6 {[#]} 12. Bb5 $1 Rc8 13. Qd5 Be7 14. Nc3 Rc7 15. Ba6 (15. O-O $16) 15... Nb8 $14 16. Bb5+ Kf8 17. O-O Kg7 18. Rfe1 f5 19. Qf3 {White wants to play Nd5.} Bf6 ({Black should try} 19... a6 $15 20. Bc4 b5) 20. Nd5 $1 $11 {[%cal Rd5c7]} Bxa1 21. Rxa1 (21. Nxc7 $11 Qxc7 22. Rxa1) 21... Rc6 (21... Rc8 $17 {With the idea ...Nc6.} 22. Re1 Nc6 23. Bxc6 Rxc6) 22. Re1 Re6 23. Qc3+ Kg8 24. Rxe6 fxe6 25. Nf4 $36 {[%mdl 2048] Black is under pressure.} Kf7 {...g5 is the strong threat.} 26. Bc4 {[#]} (26. Qe5 $11 Qf6 27. Qc7+ Qe7 28. Qe5) 26... Re8 ({Better is} 26... Qd4 $1 $17 {Strongly threatening ...Qxc3.} 27. Qxd4 cxd4 28. Bxe6+ Kf6) 27. Qe5 {[%cal Rf4e6]} Qd7 (27... Qc8 $11) 28. Nxe6 $1 $16 Rxe6 29. Qxb8 Qxd2 30. Qxa7+ Kf6 31. Bxe6 {[%mdl 4096] Endgame} (31. Qxh7 $14 Qxc2 32. Qh8+ Kf7 33. Bxe6+ Kxe6 34. Qe8+ Kf6 35. Qc6+ Kg7 36. Qb7+ (36. Qxb6 Qb1+ 37. Kg2 Qe4+ 38. f3 Qe2+ 39. Kh3 Qf1+ 40. Kh4 Qxf3 $11) 36... Kh6 37. Kg2 (37. Qxb6 Qb1+ 38. Kg2 Qe4+ 39. f3 Qe2+ 40. Kg1 Qe3+ 41. Kh1 Qxf3+ 42. Kg1 Qe3+ 43. Kf1 Qf3+ 44. Kg1 Qe3+ 45. Kg2 Qe2+ 46. Kg1 Qxa2 $11)) 31... Qe1+ $11 {The position is equal.} 32. Kg2 {Hoping for Qf7+.} Qe4+ $1 33. Kg1 Qe1+ $1 34. Kg2 {And now Qf7+ would win.} Qe4+ $1 35. Kf1 Qh1+ 36. Ke2 Qe4+ {Precision: White = 45%, Black = 46%.} 1/2-1/2

[Event "11th Tal Memorial Blitz 2018"]
[Site "Moscow"]
[Date "2018.03.05"]
[Round "4"]
[White "Artemiev, Vladislav"]
[Black "Nepomniachtchi, Ian"]
[Result "1/2-1/2"]
[WhiteElo "2697"]
[BlackElo "2768"]
[Annotator "TA"]
[PlyCount "97"]
[EventDate "2018.??.??"]
[EventType "blitz"]
[EventCountry "RUS"]
[SourceTitle "playchess.com"]
[Source "ChessBase"]
[SourceQuality "1"]

{[%evp 17,97,20,21,-2,5,-2,0,-14,2,-18,-10,-10,-2,-6,0,-15,-12,-16,-15,-12,-7,-8,0,-19,0,0,0,0,47,0,24,0,20,0,0,0,0,0,0,-17,-12,-24,-15,-31,-20,-47,0,-18,0,-10,0,0,0,0,0,-61,0,0,0,0,0,0,0,0,0,0,0,0,0,0,0,0,5,5,5,0,0,0,0,0,0,0]} 1. e4 c5 2. Nf3 d6 3. Bc4 Nf6 4. d3 e6 5. O-O Be7 6. Re1 O-O 7. c3 Nc6 8. Bb3 e5 9. Nbd2 {B50: Sicilian: 2...d6, Miscellaneous} b5 {LiveBook: 3 Games} (9... h6 10. Nf1 Be6 11. Ng3 Qd7 12. Nh4 d5 13. exd5 Bxd5 14. Bxd5 Qxd5 15. Nhf5 Rfd8 16. Qa4 Bf8 {0-1 (28) Benjamin,J (2556)-Erenburg,S (2600) ICC INT 2010}) 10. a4 b4 11. Nc4 Rb8 12. Bg5 $146 ({Predecessor:} 12. Ne3 Be6 13. Bd5 Na5 14. Bxe6 fxe6 15. cxb4 cxb4 16. Nc4 Nc6 {½-½ (40) Bell,I-Colucci,P ICCF email 2002}) 12... Be6 13. Rb1 Nd7 14. Bxe7 Qxe7 15. Nfd2 Nf6 16. a5 Qc7 17. Ra1 Rfd8 18. Qc2 h6 19. a6 Ne7 20. Ne3 Bxb3 21. Nxb3 bxc3 22. bxc3 d5 23. Nd2 Qd7 24. Nf3 Nc6 25. Qa4 d4 26. cxd4 exd4 27. Nc4 Nb4 {[#] White must now prevent ...Qxa4.} 28. Qxd7 (28. Qd1 {looks sharper.} Ne8 29. Nfe5 Qc7 30. f4 f6 31. Ng6) 28... Nxd7 29. Red1 Re8 30. Ne1 Re6 31. Ra5 Rc8 32. f4 Nb6 33. Nd2 c4 34. dxc4 Nxc4 35. Rc1 Rec6 36. Nxc4 (36. Rxc4 $11 Rxc4 37. Nxc4 Rxc4 38. Ra4) 36... Rxc4 ({Black should try} 36... d3 $1 $15 37. Nxd3 Nxd3) 37. Rxc4 $11 {The position is equal.} Rxc4 {[%mdl 4096] Endgame KRN-KRN} 38. Ra4 Rc1 $1 39. Rxb4 Rxe1+ {KR-KR} 40. Kf2 Rxe4 41. Rb8+ Kh7 42. Rb7 $1 d3 43. Rxa7 {And now Rd7 would win.} d2 44. Rd7 {Strongly threatening a7.} Rxf4+ 45. Ke2 $1 {[#] Threatens to win with a7.} Ra4 $1 46. Rxf7 Rxa6 47. Rd7 Re6+ 48. Kf2 Rf6+ 49. Kg3 {Precision: White = 49%, Black = 52%.} 1/2-1/2